000 00651nam a2200253 i 4500
001 C2-0007542
003 PPAK
005 20190630221849.0
008 970125s1982 enka|||| ||||| | eng d
020 _a0333311922
040 _aPPAK
_beng
_cPPAK
_erda
082 0 4 _a307.76
_223
090 0 0 _a307.76
_bBEN
_dK
090 0 0 _a307.76
_bBEN
_dRK
100 1 _aBennett, Olivia,
_eauthor
245 1 0 _aCity life
264 1 _aLondon :
_bMacmillan ,
_c1982
300 _a48 pages :
_bcolour illustrations ;
_c25 cm
336 _2rdacontent
_atext
337 _2rdamedia
_aunmediated
338 _2rdacarrier
_avolume
650 1 0 _aLife
942 _ddc
_cB
999 _c2095
_d2095